000 00605cam a22002053a 4500
001 45394
003 PGUSA
005 20140828084041.0
008 140415s2014||||xxu|||||s|||||000 | eng d
040 _aPGUSA
_beng
042 _adc
100 1 _aParis, John Ayrton
245 1 4 _aThe Life of Sir Humphrey Davy, Bart. LL.D., Volume 1 (of 2)
_h[electronic resource] /
_cJohn Ayrton Paris
260 _bProject Gutenberg,
_c2014
506 _aPublic domain in the USA.
516 _aElectronic text
830 0 _aProject Gutenberg
_v45394
856 4 0 _uhttp://www.gutenberg.org/ebooks/45394
942 _cEB
999 _c274645
_d274645